000 00761nam a2200229 a 4500
001 000019414
005 20200929170018.0
008 100628s1998 ve r 000 j spa d
020 _a9803251597
040 _aDO-SdBNP
_bspa
_cBNPHU
082 _a860.44
_bR763l
100 1 _aRomero, Armando
_d1944-
_924112
245 1 0 _aLenguas de Juego :
_bdivertimientos sobre temas conocidos /
_carmando romero.
260 _aCaracas :
_bFondo Editorial Tropykos,
_c1998.
300 _a67 p. ;
_c18 cm.
490 1 _aColección paria ;
_vno.13
500 _aIncluye referencia biográfica del autor en la contracubierta.
650 4 _aCuentos colombianos
_921475
650 4 _aLiteratura colombiana
_91244
830 0 _aColección paria ;
_nno.13
_941676
049 _aBNGR
999 _c18930
_d18930